Ibadat Ki Kitab (Record no. 5362)

MARC details
000 -LEADER
fixed length control field 00615nam a2200229 a 4500
020 ## - INTERNATIONAL STANDARD BOOK NUMBER
ISBN
082 00 - DEWEY DECIMAL CLASSIFICATION NUMBER
Classification number 242
Author Cutter MET
245 ## - TITLE STATEMENT
Title Ibadat Ki Kitab
260 ## - PUBLICATION, DISTRIBUTION, ETC. (IMPRINT)
Place of publication Lucknow
Name of publisher Methodist Publishing House
Year of publication 0000
300 ## - PHYSICAL DESCRIPTION
Number of Pages 44p
500 ## - GENERAL NOTE
General note includes index and biblioraphy
505 2# - FORMATTED CONTENTS NOTE
Formatted contents note reprinted from"the bulletin of the John Rylands library 1927,V.11,No.1
650 ## - SUBJECT ADDED ENTRY--TOPICAL TERM
Topical Term Prayer-Christianity
942 ## - ADDED ENTRY ELEMENTS (KOHA)
Koha item type Books
Holdings
Collection code Home library Current library Date acquired Cost, normal purchase price Full call number Accession Number Koha item type
  Henry Martyn Institute Library Henry Martyn Institute Library 04/16/2008 100.00 242 MET 05083 Books
                   Copyright © 2026 | Henry Martyn Institute | Hyderabad | TS-500052 | INDIA | Implemented by hmi.edu.in
Hit-Count:

Powered by Koha